Toutes les divisions des championnats de football en France - Statistiques

Statistiques générales
  • Ce quiz a été pris 185 fois
    54 depuis la dernière actualisation
  • Le résultat moyen est 10 sur 16
Statistiques - réponses
Divisions du football français % Correct
Ligue 1
100%
Ligue 2
100%
National
100%
National 2
98%
National 3
98%
Régional 1
94%
Régional 2
94%
Régional 3
94%
Départemental 1
69%
Départementale 2
24%
Départementale 3
24%
Départementale 4
20%
Départementale 5
20%
Départementale 6
20%
Départementale 7
20%
Départementale 8
20%
Aucun quiz correspondant
Distribution des résultats
% des personnes avec chaque résultat
Percentile par nombre de réponses
Votre historique - résultats
Vous n’avez pas pris ce quiz depuis la dernière actualisation